[Event "Lund CellaVision Cup"]
[Site "Lund"]
[Date "2018.08.03"]
[Round "1"]
[White "Nord, Gabriel"]
[Black "Petersson, David"]
[Result "1-0"]
[WhiteElo "1563"]
[BlackElo "1360"]
[PlyCount "133"]
[EventDate "2018.08.03"]
[EventType "swiss"]
[EventRounds "8"]
[EventCountry "SWE"]
[SourceTitle "CBM 186 Extra"]
[Source "ChessBase"]
[SourceDate "2018.08.24"]
[SourceVersion "1"]
[SourceVersionDate "2018.08.24"]
[SourceQuality "1"]

1. e4 e5 2. Nf3 Nc6 3. Bb5 Nf6 4. 0-0 a6 5. Ba4 b5 6. Bb3 Bc5 7. Nxe5 Nxe5 8. d4 Bxd4 9. Qxd4 Nc6 10. Qd3 h6 11. e5 Nh7 12. f4 0-0 13. Rd1 Kh8 14. Nc3 f6 15. e6 dxe6 16. Qe4 Qe8 17. Ne2 e5 18. fxe5 fxe5 19. Be3 Rb8 20. Bc5 Rf6 21. Rf1 Bb7 22. Qh4 Rd8 23. Ng3 Qg6 24. Rad1 Re8 25. Bd5 Ng5 26. Rxf6 Qxf6 27. Rf1 Qg6 28. Ne4 Nxe4 29. Bxe4 Qe6 30. Be3 Qe7 31. Qxe7 Nxe7 32. Bxb7 Ng6 33. Be4 Ne7 34. Bc5 Nc8 35. Bg6 Rd8 36. Bf5 Nd6 37. Bxd6 cxd6 38. Rd1 Kg8 39. Kh1 Kf7 40. Bd3 Kf6 41. Kg1 Kg5 42. Kf2 Kf4 43. g3+ Kg4 44. Kg2 d5 45. h3+ Kg5 46. Be2 e4 47. h4+ Kf5 48. Kh3 d4 49. Kg2 e3 50. g4+ Kf4 51. Rf1+ Ke4 52. Bd3+ Ke5 53. Rf5+ Ke6 54. Kf1 Kd6 55. Ke2 Kc6 56. Be4+ Kb6 57. Rd5 Rxd5 58. Bxd5 Kc5 59. Be4 b4 60. Kd3 a5 61. Bf3 a4 62. b3 a3 63. Be4 g5 64. hxg5 hxg5 65. Bf3 Kd6 66. Ke4 Ke6 67. Kxd4 1-0

[Event "SWE-chT U16 final"]
[Site "Lund"]
[Date "2016.08.14"]
[Round "5.5"]
[White "Nilsson, Erik1111"]
[Black "Petersson, David"]
[Result "1-0"]
[WhiteElo "1556"]
[BlackElo "1526"]
[PlyCount "55"]
[EventDate "2016.08.12"]
[EventType "team-tourn"]
[EventRounds "5"]
[EventCountry "SWE"]
[SourceTitle "EXT 2019"]
[Source "ChessBase"]
[SourceDate "2018.10.10"]
[SourceVersion "1"]
[SourceVersionDate "2018.10.10"]
[SourceQuality "1"]
[WhiteTeam "Upsala"]
[BlackTeam "Lund"]
[WhiteTeamCountry "SWE"]
[BlackTeamCountry "SWE"]

1. Nf3 Nc6 2. e4 e5 3. Bb5 Bd6 4. d3 a6 5. Ba4 b5 6. Bb3 Nf6 7. 0-0 0-0 8. Bg5 Be7 9. Nbd2 h6 10. Bh4 d6 11. c3 Bg4 12. Rc1 Nd7 13. Bxe7 Nxe7 14. d4 Ng6 15. h3 Bxf3 16. Nxf3 Nf4 17. Qc2 Ne6 18. Rfd1 Qc8 19. dxe5 dxe5 20. c4 Ra7 21. cxb5 axb5 22. Rd5 Rb7 23. Qc6 Rd8 24. Rcd1 Rb6 25. Qc2 f6 26. Qe2 c6 27. Rxd7 Rxd7 28. Bxe6+ 1-0

[Event "SWE-chT U16 final"]
[Site "Lund"]
[Date "2016.08.13"]
[Round "3.5"]
[White "Torngren, Alexander"]
[Black "Petersson, David"]
[Result "1/2-1/2"]
[WhiteElo "1275"]
[BlackElo "1526"]
[PlyCount "97"]
[EventDate "2016.08.12"]
[EventType "team-tourn"]
[EventRounds "5"]
[EventCountry "SWE"]
[SourceTitle "EXT 2019"]
[Source "ChessBase"]
[SourceDate "2018.10.10"]
[SourceVersion "1"]
[SourceVersionDate "2018.10.10"]
[SourceQuality "1"]
[WhiteTeam "Orgryte"]
[BlackTeam "Lund"]
[WhiteTeamCountry "SWE"]
[BlackTeamCountry "SWE"]

1. e4 e5 2. Nf3 Nc6 3. Bc4 Bc5 4. 0-0 Nf6 5. Re1 0-0 6. c3 h6 7. h3 Re8 8. d3 d6 9. a4 a5 10. Be3 Bxe3 11. fxe3 Be6 12. Bb3 Bd7 13. Nbd2 Qe7 14. d4 Na7 15. Bc2 Bc6 16. Qb1 b6 17. Re2 Rad8 18. Qe1 Bb7 19. Qb1 Ba6 20. Bd3 Bb7 21. d5 c6 22. c4 c5 23. Qc2 Ba6 24. b3 Rb8 25. Nb1 Nh7 26. Rf2 Ng5 27. Ne1 f6 28. Nd2 Qf7 29. Ndf3 Qg6 30. Qd2 Nxh3+ 31. Kf1 Nxf2 32. Qxf2 Bc8 33. Nh4 Qf7 34. Be2 Rf8 35. Nf5 Bxf5 36. Qxf5 Rbd8 37. Bh5 Qc7 38. Nf3 Nc8 39. Nh4 Ne7 40. Qe6+ Kh7 41. Qg4 Qd7 42. Nf5 Nxf5 43. Bg6+ Kh8 44. Bxf5 Qf7 45. Be6 Qc7 46. Bf5 Qf7 47. Be6 Qc7 48. Bf5 Qf7 49. Be6 1/2-1/2